Представление документа в формате RUSMARC

ПолеНазваниеЗначение
  Тип записи a
  Библиографический уровень m
001 Контрольный номер RU/УОНБ/EK_INO/424437283
005 Дата корректировки 20240131004648.3
010 Индекс ISBN __
d Цена 100 p.
100 Данные общей обработки __
a Данные общей обработки 20130613d1900 u y0gery018901 ba
101 Язык документа 0_
a Язык текста ger
102 Страна публикации __
a Страна публикации DE
105 Кодированные данные (монография) __
a Кодированные данные (монография) a z 000ay
200 Заглавие и сведения об ответственности 1_
a Заглавие H. 2
210 Выходные данные __
d Дата издания [1903]
215 Физическое описание __
a Объем 41-77, [5] S.
c Иллюстрации/тип воспроизводства Ill., Phot.
300 Общие примечания __
a Общие примечания Экз. деф.: нет С. 59-68
461 Уровень набора _0
1 001RU/УОНБ/EK_INO/424436382
1 200
a Kunst Und Kunstler
e Illustrierte Monatsschrift Fur Bildende Kunst Und Kunstgeschichte
v H. 2
1 210
a Berlin
c Bruno Cassirer
d [1903]
606 Тематические рубрики __
a Основная рубрика Живопись
610 Ключевые слова __
a Ключевые слова живопись
686 Индексы других классификаций __
a Классификационный индекс 85.14 Нем
2 Код системы rubbk
801 Источник записи _0
a Страна RU
b Организация Ульяновская ОНБ
c Дата составления 20130613
g Правила каталогизации RCR
801 Источник записи _1
a Страна RU
b Организация Ульяновская ОНБ
c Дата составления 20130613
g Правила каталогизации RCR
901 Тип документа __
t Тип документа n
w Контрольный № источника RU/УОНБ/EK_INO/424436382
909 Создатель записи __
a Создатель записи Дырина
938 Служебная информация __
a Имя БД ino
b Имя библиотеки УОНБ
c Имя АИБС МАРК-SQL
d Номер DOC_ID в БД 10974